000 00891 a2200229 4500
001 60606
005 20260407155857.0
008 260407a1995 arg spa d
003 AR-UNSa-BCEJYS
040 _aAR-UNSa-BCEJYS
_bspa
_cAR-UNSa-BCEJYS
080 _a371.13
_xFormación de los profesores y educadores
245 1 0 _aImágenes e imaginación. Iniciación a la docencia
020 _a978-950-13-6185-8
264 1 _aBuenos Aires :
_bKapelusz
_c1995
300 _a109 p.
_c22 cm.
505 _a1. La práctica de la enseñanza en la formación de docentes - 2. Los sujetos de las prácticas – 3. Una propuesta teórico-metodológica para las prácticas docentes – 4. Articulando ideas para la formación – 5. Para cerrar, un alerta -
041 _aspa
942 _cBK
590 _aniveau_biblio:m niveau_hierar:0
100 1 _aEdelstein, Gloria
700 1 _aCoria, Adela
999 _c7064
_d7064